000 00685nam a2200289Ia 4500
005 20260324130716.0
008 008 260324s9999 xx 000 0 eng d
020 _a9781315417455
037 _aEBOOK
040 _aCRL
040 _beng
040 _cCRL
041 _2eng
041 _aeng
084 _qCRL
100 _aElizabeth Pye
_91182805
245 4 _aThe Power of Touch
245 0 _bHandling Objects in Museum and Heritage Context
260 _bTaylor and Francis
260 _c2007
365 _a
365 _b265
856 _uhttp://www.taylorfrancis.com/books/9781315417455
942 _cEBOOK
999 _c1779203
_d1779203